Bible interpreters of the twentieth century : (Record no. 17864)

000 -LEADER
fixed length control field 01406cam a22003374a 4500
001 - CONTROL NUMBER
control field 11761968
003 - CONTROL NUMBER IDENTIFIER
control field OkBaRHE
005 - DATE AND TIME OF LATEST TRANSACTION
control field 20110909140338.0
008 - FIXED-LENGTH DATA ELEMENTS--GENERAL INFORMATION
fixed length control field 990728s1999 miua b 000 0ceng
010 ## - LIBRARY OF CONGRESS CONTROL NUMBER
LC control number 99043138
020 ## - INTERNATIONAL STANDARD BOOK NUMBER
International Standard Book Number 0801020735 (pbk.)
035 ## - SYSTEM CONTROL NUMBER
System control number (DLC) 99043138
040 ## - CATALOGING SOURCE
Original cataloging agency DLC
Transcribing agency DLC
Modifying agency DLC
042 ## - AUTHENTICATION CODE
Authentication code pcc
050 00 - LIBRARY OF CONGRESS CALL NUMBER
Classification number BS 501 .A1
Item number B53 1999
082 00 - DEWEY DECIMAL CLASSIFICATION NUMBER
Classification number 220.6/092/2
-- B
Edition number 21
245 00 - TITLE STATEMENT
Title Bible interpreters of the twentieth century :
Remainder of title a selection of evangelical voices /
Statement of responsibility, etc Walter A. Elwell, editor, J.D. Weaver, editor.
246 14 - VARYING FORM OF TITLE
Title proper/short title Bible interpreters of the 20th century
260 ## - PUBLICATION, DISTRIBUTION, ETC. (IMPRINT)
Place of publication, distribution, etc Grand Rapids, Mich. :
Name of publisher, distributor, etc Baker Books,
Date of publication, distribution, etc c1999.
300 ## - PHYSICAL DESCRIPTION
Extent 445 p. :
Other physical details ill. ;
Dimensions 23 cm.
504 ## - BIBLIOGRAPHY, ETC. NOTE
Bibliography, etc Includes bibliographical references.
630 00 - SUBJECT ADDED ENTRY--UNIFORM TITLE
Uniform title Bible
General subdivision Criticism, interpretation, etc.
-- History
Chronological subdivision 20th century.
9 (RLIN) 1284
650 #0 - SUBJECT ADDED ENTRY--TOPICAL TERM
Topical term or geographic name as entry element Biblical scholars
Form subdivision Biography.
9 (RLIN) 1285
650 #0 - SUBJECT ADDED ENTRY--TOPICAL TERM
Topical term or geographic name as entry element Evangelists
Form subdivision Biography.
9 (RLIN) 1286
700 1# - ADDED ENTRY--PERSONAL NAME
Personal name Elwell, Walter A.
9 (RLIN) 267
700 1# - ADDED ENTRY--PERSONAL NAME
Personal name Weaver, J. D.
Fuller form of name (Jim D.)
9 (RLIN) 1287
906 ## - LOCAL DATA ELEMENT F, LDF (RLIN)
a 7
b cbc
c orignew
d 1
e ocip
f 19
g y-gencatlg
942 ## - ADDED ENTRY ELEMENTS (KOHA)
Source of classification or shelving scheme
Koha item type Books
Copies
Damaged status Not for loan Shelving location Permanent Location Date acquired Source of classification or shelving scheme Barcode Koha item type Full call number Lost status Withdrawn status Copy number Price effective from Date last seen Current Location
  General StacksRHEMA Bible Training College2011-09-09 22059BooksBS 501 .A1 B53 1999  12011-09-092011-09-09RHEMA Bible Training College